000 00804nam a2200229 4500
008 b xx# eng u
010 _a5588/9
020 _a9230011002
020 _a9789230011000
040 _aLB-BrCRDP
082 _a597.09/H963c
100 1 _aHureau, J.C., ed.
130 1 _lEN/FR
245 1 0 _aCheck-list of the fishes of the north-eastern Atlantic and of the Mediterranean, Clofnam=Catalogue des poissons de l'Atlantique du nord-est et de la Méditerranée
_cTh. Monod, ed.
260 _aParis
_bUnesco
_cc1973
300 _av.1 683p., v.2 331p. ;
_c24cm
500 _av.2 *Bibliography and indexes. *Bibliographie et index
650 _aFishes-Geographical distribution
_xCatalogs
700 1 0 _aMonod, Th., ed.
942 _cBK
999 _c13281
_d13281